Plats Frits - Mort Subite - Statistiques

Statistiques générales
  • Ce quiz a été pris 234 fois
  • Le résultat moyen est 8 sur 16
Answers on the Grid
Answers color-coded by a green-red scale on the quiz's grid according to % correct below.
Fish and chips
Beignets de fleurs de courgette
Escalope viennoise
Poulet général Tao
Leche frita
Tokneneng / Kwek-kwek
Samoussa
Blooming onion / Onion flower
Tonkatsu
Crevettes tempura
Mousse au chocolat
Yakitori
Bryndzové halušky
Snezhanka
Banana split
Paya
Ceviche
Kimchi-jjigae
Salade grecque
Funnel cake
Falafel
Churro
Mozzarella in carrozza
Poisson yin et yang
Jalapeño popper
Gibelotte de Sorel
Laplap
Cochinita pibil
 
Statistiques - réponses
Réponse % Correct
Fish and chips
80%
Churro
77%
Beignets de fleurs de courgette
75%
Samoussa
73%
Crevettes tempura
72%
Falafel
66%
Leche frita
55%
Escalope viennoise
53%
Blooming onion / Onion flower
44%
Jalapeño popper
36%
Mozzarella in carrozza
32%
Tonkatsu
28%
Poulet général Tao
27%
Poisson yin et yang
16%
Tokneneng / Kwek-kwek
16%
Funnel cake
12%
Aucun quiz correspondant
Distribution des résultats
% des personnes avec chaque résultat
Percentile par nombre de réponses
Votre historique - résultats
Vous n’avez pas pris ce quiz